| 000 | 01415nam a2200337Ia 4500 | ||
|---|---|---|---|
| 999 |
_c5486 _d5486 |
||
| 003 | OSt | ||
| 005 | 20200609134408.0 | ||
| 008 | 191128s1974 sp ad gr 000 0 spa d | ||
| 020 | _a8431613858 | ||
| 040 |
_aCO-JMCR _cCO-JMCR |
||
| 041 | 1 |
_aspa _heng |
|
| 082 | 0 | 4 |
_a330.1 / _bC475i _223 |
| 100 | 1 |
_aCharles Walsh, Vivian, _eautor _95238 |
|
| 245 | 1 | 0 |
_aIntroducción a la microeconomía contemporánea / _cVivian Charles Walsh ; traducción Eugenia Salvador Mencerré ; revisión Juan Angelet Cladellas ; adaptación Luis Barbé Duran |
| 250 | _aPrimera edición | ||
| 260 |
_aBarcelona : _bEditorial Vicens-Vives, _c1974 |
||
| 300 |
_axxiii, 358 páginas : _bgráficos a blanco y negro ; _c22 cm. |
||
| 490 | 0 | _aVicens universidad | |
| 500 | _aIncluye índice de autores y materias. | ||
| 505 | _aTeoría general de la elección -- Teoría del bienestar -- Teoría del consumidor -- Sistemas económicos -- Teoría de la producción | ||
| 534 | _pIntroduction to contemporary microeconomics | ||
| 546 | _aTraducido del inglés | ||
| 650 | 1 | 4 |
_aMicroeconomía _95239 |
| 650 | 2 | 4 |
_aTeoría económica _95240 |
| 650 | 2 | 4 |
_aEconomía del bienestar _93975 |
| 650 | 2 | 4 |
_aDemanda Teoría del consumo _95241 |
| 700 | 1 |
_aMencerré, Eugenia Salvador, _etraducción _95242 |
|
| 700 | 1 |
_aCladellas, Juan Angelet, _erevisor _95243 |
|
| 700 | 1 |
_aBarbé Duran, Luis, _eadaptación _95244 |
|
| 942 |
_2ddc _cBK |
||